000 00775 a2200205 4500
005 20080828125328.0
008 080828t xxu||||| |||| 00| 0 eng d
010 _aENG-87362
020 _c595.00
_a8173414416
035 _aEN-70895
037 _bDBAD / PUB
082 _a911.5453
100 _aSwarnkar, L.B.
245 _aThe historical geography of ancient Angadesa
_cby L.B. Swarnkar
260 _aDelhi
_bIndian Publishers
_c2007
270 _a156-D, Kamla Nagar
_bDelhi
_e110 007
300 _axvii, 249p.
_c21cm (Hb )
_b60 plates
942 _adpl
_cEN
_k911.5453 / SWA
_2ddc
_h911.5453
_mSWA
999 _c6474
_d6474